00631nam a2200217Ia 4500003000900000008004100009040001300050040001300063041000800076100001800084245002800102250000900130260002100139260000900160300000800169490000800177490000700185942000700192999001700199952019700216IT-RoPAU120407s9999 xx 000 0 und d aIT-RoPAU cIT-RoPAU aita aEtienne Borne aPassione della verità€ aRoma aEdizioni Paoline c1964 c cm aDds v50 cBK c15468d15468 00102ddc406208_25500000000000071aPAULUSbPAULUSd2012-04-11l0o208.2550r2012-04-11 00:00:00w2012-04-11yBKzInserito da: Jole In data: 11 luglio 2011 fondo: Via A.Severo 56 Progr:28537